000 00392nam a2200169Ia 4500
008 210210b1939 xxu||||| |||| 00| 0 eng d
041 _aeng
082 _a320/650
100 _a-
245 _aOxford publications collection
260 _a
_bNot Mentioned
_c1939
650 _apublications
650 _aOxford
650 _acollection
690 _aPolitical Science
906 _a003282
999 _c118632
_d118632